| 000 | 01291nam a2200253Ia 4500 | ||
|---|---|---|---|
| 999 |
_c41952 _d41952 |
||
| 001 | 8636 | ||
| 003 | GE_BSU | ||
| 005 | 20211213133005.0 | ||
| 008 | 181216s2011 xx |||||||||||||| ||geo|| | ||
| 020 | _a9789941091632 | ||
| 040 | _cGE_BSU | ||
| 041 | _ageo | ||
| 080 | _a339.138(042.4) მ-25 | ||
| 100 |
_aმამულაძე, გელა _913273 |
||
| 245 |
_aმარკეტინგის საფუძვლები : _bლექციების კურსი / _cგელა მამულაძე ; [მეცნ.-რედ. დევი შონია, სარედ. კოლ.: ციური დურული [და სხვ.]. |
||
| 264 |
_aთბილისი : _bშპს "ლაშა ხვიჩიას სტამბა _c2011. |
||
| 300 |
_a481 გვ.: _c20 სმ. |
||
| 504 | _aბიბლიოგრ.: გვ. 479-480. | ||
| 653 | _aმარკეტინგის საფუძვლები | ||
| 653 | _aმარკეტინგი - ლექციების კურსი | ||
| 700 |
_aშონია, დევი _eმეცნიერ რედაქტორი _913274 |
||
| 700 |
_aდურული, ციური _eსარედაქციო კოლეგია _913275 |
||
| 942 |
_cBK _2udc |
||